000 00589nam a22001937a 4500
999 _c17093
_d17093
003 AR-CdUCM
008 190507b ||||| |||| 00| 0 spa d
040 _aMUNICIPALIDAD PROVINCIAL DEL CUSCO
_cBIBLIOTECA MUNICIPAL DEL CUSCO
082 _a110 /
_bV74
100 _aVirasoro, Miguel Angel
_936927
245 _aLa intuición metafisica /
260 _aBuenos Aires :
_bEdiciones Carlos Lohlé,
_c1965.
300 _a158 paginas ;
_c23 cm.
500 _aHistoria y filosofia
650 _aHistoria
_9136
650 _aFilosofia
_9395
942 _2ddc
_cLIBROS
945 _apjha
_d2019-05-07